000 01435nam0a22002531 4500
001 rc\376680
005 20260407133537.0
035 _a(NLR Aleph) 005608540
090 _a6388515
_c6388516
100 _a20030307d1989 |||y0rusy50 ca
101 0 _arus
102 _aRU
105 _ay |||||||||
200 1 _aОпыт хозяйственной деятельности зерноперерерабатывающих и хлебопекарных предприятий ВНР в условиях расширения их прав и повышения экономической ответственности
_f[В.Ш. Аншба, З.Б. Шифман]
210 _aМ.
_cЦНИИТЭИ Минхлебопродукта СССР
_d1989
215 _a19, [1] с.
_d22
225 1 _aЭкономика и организация производства на предприятиях отрасли
_eОбзор. информ.
_fМ-во хлебопродуктов СССР. ЦНИИ информ. и техн.-экон. исслед.
701 1 _aАншба
_bВ.Ш.
_gВладимир Шамилович
712 0 1 _aСССР
_bМинистерство хлебопродуктов
_bЦНИИ информации и технико-экономических исследований
_3RU\NLR\AUTH\889997763
_9492807
801 0 _aRU
_bNLR
_gpsbo
801 1 _aRU
_bELAR
_2rusmarc
852 _aNLR
_j88-6/7092
942 _cBOOK
980 _aNB